[Event "Montevideo Duchamp Cup 7th"]
[Site "Montevideo"]
[Date "2024.02.05"]
[Round "5"]
[White "Jasper, Nicolas"]
[Black "Garcia Silveira, Luis"]
[Result "1-0"]
[WhiteElo "1774"]
[BlackElo "2097"]
[PlyCount "103"]
[EventDate "2024.02.01"]
[EventType "swiss"]
[EventRounds "9"]
[EventCountry "URU"]
[SourceTitle "CB07_2024"]
[SourceDate "2024.02.14"]
[SourceVersion "1"]
[SourceVersionDate "2024.02.14"]
[SourceQuality "1"]

1. d4 Nf6 2. Nf3 g6 3. e3 Bg7 4. Be2 0-0 5. 0-0 d6 6. c4 Nbd7 7. Nc3 b6 8. a3 Bb7 9. b4 e6 10. Bb2 Qe7 11. Qb3 e5 12. Rfe1 e4 13. Nd2 Rfe8 14. c5 d5 15. Rec1 c6 16. a4 Rab8 17. Qa3 h5 18. a5 bxc5 19. bxc5 Ng4 20. h3 Ngf6 21. a6 Bc8 22. Nb3 Nf8 23. Na5 Qc7 24. Rcb1 Ne6 25. Qa4 Nd8 26. Bc1 Rxb1 27. Rxb1 Re7 28. Na2 g5 29. Nb4 Bd7 30. g3 Qc8 31. Rb2 Be8 32. Bf1 Rc7 33. Kh2 Kf8 34. Nb7 Nxb7 35. axb7 Rxb7 36. Ba6 Qf5 37. Bxb7 Bd7 38. Bxc6 Qxh3+ 39. Kg1 Bg4 40. Nxd5 Bh6 41. Qa5 Kg7 42. Qd8 Nxd5 43. Qxd5 Bf3 44. Qe5+ Kg8 45. Rb8+ Bf8 46. Rxf8+ Kxf8 47. Qh8+ Ke7 48. Qe8+ Kf6 49. Qe5+ Kg6 50. Bxe4+ Bxe4 51. Qxe4+ Kg7 52. d5 1-0

[Event "Montevideo Duchamp Cup 7th"]
[Site "Montevideo"]
[Date "2024.02.01"]
[Round "1"]
[White "Morales Mazzone, Leandro"]
[Black "Garcia Silveira, Luis"]
[Result "0-1"]
[WhiteElo "1617"]
[BlackElo "2097"]
[PlyCount "64"]
[EventDate "2024.02.01"]
[EventType "swiss"]
[EventRounds "9"]
[EventCountry "URU"]
[SourceTitle "CB07_2024"]
[SourceDate "2024.02.14"]
[SourceVersion "1"]
[SourceVersionDate "2024.02.14"]
[SourceQuality "1"]

1. c4 c5 2. Nf3 b6 3. g3 Bb7 4. Bg2 Nf6 5. 0-0 e6 6. Nc3 Be7 7. Re1 0-0 8. e4 d6 9. d4 cxd4 10. Nxd4 Qc7 11. b3 Nbd7 12. Bb2 a6 13. Rc1 Rac8 14. b4 Qb8 15. Na4 Qa8 16. Qe2 Rfe8 17. f4 d5 18. cxd5 exd5 19. e5 Bxb4 20. Rxc8 Bxc8 21. Rc1 b5 22. Nc3 Bc5 23. Qd3 Qa7 24. Nxd5 Nxd5 25. Bxd5 Nf8 26. Kg2 Bb6 27. Nc6 Qd7 28. Nb8 Qh3+ 29. Kh1 Bf5 30. e6 Nxe6 31. Qc3 Rxb8 32. Bxe6 Be4+ 0-1

[Event "URU-ch sf"]
[Site "Montevideo"]
[Date "2019.03.04"]
[Round "6"]
[White "Garcia Silveira, Luis"]
[Black "Curi, Gabriel"]
[Result "1/2-1/2"]
[WhiteElo "2044"]
[BlackElo "2192"]
[PlyCount "275"]
[EventDate "2019.03.01"]
[EventType "swiss"]
[EventRounds "8"]
[EventCountry "URU"]
[SourceTitle "CBM 189 Extra"]
[Source "ChessBase"]
[SourceDate "2019.06.03"]
[SourceVersion "1"]
[SourceVersionDate "2019.06.03"]
[SourceQuality "1"]

1. d4 d5 2. Nf3 Nf6 3. c4 c6 4. Nc3 e6 5. g3 Be7 6. Bg2 0-0 7. 0-0 Nbd7 8. Qc2 b6 9. e4 Ba6 10. Rd1 Bxc4 11. e5 Ne8 12. h4 c5 13. Bf4 Rc8 14. Ng5 g6 15. b3 cxd4 16. Rxd4 Ba6 17. Qd2 Bc5 18. Ra4 Nc7 19. Nxd5 exd5 20. Rxa6 Nxa6 21. e6 Nf6 22. exf7+ Rxf7 23. Nxf7 Kxf7 24. Qe2 Nb4 25. a3 Nc6 26. b4 Bd6 27. Bg5 Be5 28. Rd1 Qd6 29. Bxf6 Qxf6 30. Bxd5+ Kf8 31. Rd3 Nd4 32. Qe4 Rc1+ 33. Kg2 Rc2 34. Kh3 Qf5+ 35. Qxf5+ gxf5 36. f4 Bf6 37. Bg2 Ke7 38. Re3+ Kd7 39. Bf1 Ra2 40. h5 h6 41. Bc4 Rc2 42. Bf7 Re2 43. Be6+ Ke7 44. Rxe2 Nxe2 45. Bxf5 Bb2 46. a4 Nc3 47. Bc2 Kf6 48. b5 Ba3 49. Kg2 Bc5 50. Kf3 Nd5 51. Bb3 Nc7 52. Ke4 Bf2 53. g4 Be1 54. Bc4 Bd2 55. Bb3 Ne8 56. g5+ hxg5 57. fxg5+ Kxg5 58. Ke5 Ng7 59. Kd6 Nxh5 60. Kc7 Kf6 61. Kb7 Ke5 62. Kxa7 Ba5 63. Kb7 Kd6 64. Bd1 Nf6 65. Kc8 Ne4 66. Kd8 Nc3 67. Bc2 Kc5 68. Kc7 Kb4 69. Kc6 Nxa4 70. Bd3 Nc5 71. Bf1 Nb3 72. Kd5 Kc3 73. Be2 Bb4 74. Bf1 Bc5 75. Kc6 Kb4 76. Kd5 Nd4 77. Ke4 Nxb5 78. Kd3 Nd4 79. Bg2 b5 80. Kd2 Kb3 81. Kc1 Ne2+ 82. Kd2 Nc3 83. Bh3 b4 84. Be6+ Kb2 85. Kd3 Bf8 86. Bf7 Bg7 87. Kd2 b3 88. Bg8 Ka3 89. Bxb3 Kxb3 90. Kd3 Be5 91. Ke3 Kc4 92. Kf3 Kd4 93. Kf2 Ke4 94. Kg2 Nd1 95. Kf1 Kf3 96. Kg1 Nf2 97. Kf1 Ng4 98. Kg1 Bc7 99. Kh1 Nf2+ 100. Kg1 Bd6 101. Kf1 Bh2 102. Ke1 Bf4 103. Kf1 Nh3 104. Ke1 Nf2 105. Kf1 Bh2 106. Ke1 Bf4 107. Kf1 Nh3 108. Ke1 Be3 109. Kd1 Ke4 110. Ke2 Nf4+ 111. Kf1 Kf3 112. Ke1 Ke4 113. Kf1 Kd3 114. Ke1 Bd4 115. Kf1 Bc5 116. Ke1 Bg1 117. Kf1 Bh2 118. Kf2 Ke4 119. Ke1 Bg3+ 120. Kf1 Bh2 121. Kf2 Ke5 122. Kf1 Kf5 123. Kf2 Ke4 124. Ke1 Ng2+ 125. Kf2 Ne3 126. Ke2 Bg3 127. Kd2 Nd5 128. Ke2 Nc3+ 129. Kf1 Kf3 130. Kg1 Nd1 131. Kh1 Nf2+ 132. Kg1 Bd6 133. Kf1 Ne4 134. Kg1 Ng3 135. Kh2 Bc5 136. Kh3 Bg1 137. Kh4 Ne4 138. Kh5 1/2-1/2

[Event "URU-ch sf"]
[Site "Montevideo"]
[Date "2019.03.03"]
[Round "4"]
[White "Rios, Juan Pablo"]
[Black "Garcia Silveira, Luis"]
[Result "0-1"]
[WhiteElo "1728"]
[BlackElo "2044"]
[PlyCount "104"]
[EventDate "2019.03.01"]
[EventType "swiss"]
[EventRounds "8"]
[EventCountry "URU"]
[SourceTitle "CBM 189 Extra"]
[Source "ChessBase"]
[SourceDate "2019.06.03"]
[SourceVersion "1"]
[SourceVersionDate "2019.06.03"]
[SourceQuality "1"]

1. b4 d5 2. Bb2 Bf5 3. e3 e6 4. a3 Nf6 5. Bd3 Bxd3 6. cxd3 Nbd7 7. Nf3 a5 8. b5 Bd6 9. d4 0-0 10. 0-0 Ne4 11. d3 Ng5 12. Nbd2 Nxf3+ 13. Nxf3 a4 14. e4 Nb6 15. e5 Be7 16. Rc1 Qd7 17. Qd2 Rfc8 18. Ng5 Bxg5 19. Qxg5 Qxb5 20. Qd2 c5 21. dxc5 Rxc5 22. Rxc5 Qxc5 23. Rc1 Qe7 24. Bd4 Nc8 25. Bc5 Qd8 26. Qc3 h6 27. Bb4 Na7 28. Bd6 Rc8 29. Qb2 Rxc1+ 30. Qxc1 Qc8 31. Qxc8+ Nxc8 32. Bc5 b6 33. Bb4 Na7 34. Kf1 Nc6 35. Bd6 b5 36. Ke1 b4 37. Kd1 b3 38. f4 g5 39. g3 gxf4 40. gxf4 Kg7 41. Bc5 Kg6 42. Bf2 Kf5 43. Be3 d4 44. Bc1 Ne7 45. Bb2 Kxf4 46. Bxd4 Nc6 47. Bb2 h5 48. d4 Ke3 49. Bc1+ Kxd4 50. Ke2 Nxe5 51. Bb2+ Ke4 52. Kd1 Nc4 0-1

[Event "URU-ch sf"]
[Site "Montevideo"]
[Date "2019.03.01"]
[Round "1"]
[White "Garcia Silveira, Luis"]
[Black "Svarcas, Anibal"]
[Result "1-0"]
[WhiteElo "2044"]
[BlackElo "1656"]
[PlyCount "45"]
[EventDate "2019.03.01"]
[EventType "swiss"]
[EventRounds "8"]
[EventCountry "URU"]
[SourceTitle "CBM 189 Extra"]
[Source "ChessBase"]
[SourceDate "2019.06.03"]
[SourceVersion "1"]
[SourceVersionDate "2019.06.03"]
[SourceQuality "1"]

1. e4 e5 2. f4 exf4 3. Bc4 Be7 4. Nf3 d6 5. 0-0 Nf6 6. Nc3 Nc6 7. d4 0-0 8. Bxf4 Re8 9. Ng5 d5 10. Nxd5 Nxd5 11. Nxf7 Qd7 12. Bxd5 Kf8 13. Ng5 Bf6 14. Nxh7+ Ke7 15. Bg5 Kd8 16. Nxf6 gxf6 17. Bxf6+ Ne7 18. Bf7 Rf8 19. Bg7 Rxf7 20. Rxf7 Qe6 21. Qf3 Bd7 22. Rf8+ Be8 23. Rxe8+ 1-0

[Event "Montevideo Trebejos Verano op"]
[Site "Montevideo"]
[Date "2019.01.30"]
[Round "6"]
[White "Larrea, Daniela"]
[Black "Garcia Silveira, Luis"]
[Result "0-1"]
[WhiteElo "1770"]
[BlackElo "2048"]
[PlyCount "62"]
[EventDate "2019.01.18"]
[EventType "swiss"]
[EventRounds "7"]
[EventCountry "URU"]
[SourceTitle "CBM 188 Extra"]
[Source "ChessBase"]
[SourceDate "2019.02.26"]
[SourceVersion "1"]
[SourceVersionDate "2019.02.26"]
[SourceQuality "1"]

1. d4 Nf6 2. c4 Nc6 3. Nc3 e5 4. d5 Ne7 5. e4 Ng6 6. Nf3 Bc5 7. Be3 Bxe3 8. fxe3 0-0 9. Qd2 d6 10. 0-0-0 Bd7 11. h4 a6 12. h5 Ne7 13. c5 b5 14. Bd3 Bg4 15. h6 g6 16. Qf2 Ne8 17. Qg3 Bc8 18. c6 b4 19. Na4 f5 20. Nh4 f4 21. exf4 exf4 22. Qf2 g5 23. Nf3 Ng6 24. Nd4 Qf6 25. g3 fxg3 26. Qxf6 Nxf6 27. Rhg1 Nh5 28. Be2 g4 29. Rdf1 Nhf4 30. Rxg3 Nxe2+ 31. Nxe2 Rxf1+ 0-1

[Event "Montevideo Trebejos Verano op"]
[Site "Montevideo"]
[Date "2019.01.18"]
[Round "1"]
[White "Garcia Silveira, Luis"]
[Black "Moreno, Diego"]
[Result "1-0"]
[WhiteElo "2048"]
[BlackElo "1371"]
[PlyCount "39"]
[EventDate "2019.01.18"]
[EventType "swiss"]
[EventRounds "7"]
[EventCountry "URU"]
[SourceTitle "CBM 188 Extra"]
[Source "ChessBase"]
[SourceDate "2019.02.26"]
[SourceVersion "1"]
[SourceVersionDate "2019.02.26"]
[SourceQuality "1"]

1. e4 e5 2. Nf3 Nc6 3. d4 exd4 4. Nxd4 Bc5 5. Nxc6 Qf6 6. Qd2 Qxc6 7. Nc3 Nf6 8. Bd3 0-0 9. 0-0 d6 10. Qf4 Bd4 11. Bd2 Be5 12. Qh4 Qb6 13. Kh1 Qxb2 14. Rab1 Qa3 15. Nb5 Qc5 16. Be3 Qc6 17. f4 Bc3 18. Rb3 Ba5 19. e5 Ng4 20. Qxh7# 1-0

[Event "URU Department-chT"]
[Site "Punta del Este"]
[Date "2018.08.25"]
[Round "4.13"]
[White "Arcos Facio, Mateo"]
[Black "Garcia Silveira, Luis"]
[Result "1-0"]
[WhiteElo "2117"]
[BlackElo "2071"]
[PlyCount "57"]
[EventDate "2018.08.24"]
[EventType "team-swiss"]
[EventRounds "5"]
[EventCountry "URU"]
[SourceTitle "EXT 2019"]
[Source "ChessBase"]
[SourceDate "2018.10.10"]
[SourceVersion "1"]
[SourceVersionDate "2018.10.10"]
[SourceQuality "1"]
[WhiteTeam "Montevideo"]
[BlackTeam "Montevideo Gripe"]
[WhiteTeamCountry "URU"]
[BlackTeamCountry "URU"]

1. e4 c5 2. Nf3 d6 3. d4 cxd4 4. Nxd4 Nf6 5. Nc3 a6 6. Be2 e5 7. Nb3 Be6 8. Be3 Be7 9. Nd5 Nxd5 10. exd5 Bf5 11. Qd2 Nd7 12. Na5 Qc7 13. Rc1 0-0 14. c4 Bg6 15. 0-0 f5 16. f4 exf4 17. Bxf4 Nc5 18. b4 Ne4 19. Qe3 Qd7 20. c5 Bf7 21. Rfd1 g5 22. Bxd6 Nxd6 23. cxd6 Bf6 24. Qb6 Be5 25. Nxb7 Rfc8 26. Rc6 Rab8 27. Nc5 Qxc6 28. Qxc6 Rxc6 29. dxc6 1-0

[Event "URU-ch sf"]
[Site "Montevideo"]
[Date "2017.02.26"]
[Round "4"]
[White "Garcia Silveira, Luis"]
[Black "Pena Canapa, Alfredo"]
[Result "1-0"]
[WhiteElo "2096"]
[BlackElo "1819"]
[PlyCount "77"]
[EventDate "2017.02.24"]
[EventType "swiss"]
[EventRounds "8"]
[EventCountry "URU"]
[SourceTitle "CBM 177 Extra"]
[Source "ChessBase"]
[SourceDate "2017.04.27"]
[SourceVersion "1"]
[SourceVersionDate "2017.04.27"]
[SourceQuality "1"]

1. e4 c5 2. Nf3 e6 3. d4 cxd4 4. Nxd4 a6 5. Bd3 Nc6 6. Nxc6 dxc6 7. 0-0 e5 8. a4 Nf6 9. Nd2 Bc5 10. Nc4 Qc7 11. Bg5 Be6 12. Qf3 Nd7 13. Ne3 f6 14. Bh4 0-0-0 15. Qe2 g5 16. Bg3 h5 17. f3 g4 18. Bf2 gxf3 19. Qxf3 Rdg8 20. Nf5 Rg6 21. Kh1 Kb8 22. b4 Bxf2 23. Rxf2 Qb6 24. c3 Rg5 25. a5 Qa7 26. c4 Bxf5 27. exf5 Qd4 28. Rd1 Qc3 29. Be4 Qxf3 30. gxf3 Kc7 31. Rfd2 Rh7 32. b5 Rg8 33. bxc6 bxc6 34. Rd6 Rc8 35. Rxc6+ Kd8 36. Rxf6 Rxc4 37. Rxa6 Kc7 38. Ra7+ Kc8 39. f6 1-0

[Event "Montevideo Trebejos Autumn-A"]
[Site "Montevideo"]
[Date "2014.05.15"]
[Round "5"]
[White "Garcia Silveira, Luis"]
[Black "Saralegui Cassan, Mario"]
[Result "0-1"]
[WhiteElo "2089"]
[BlackElo "2077"]
[PlyCount "110"]
[EventDate "2014.05.07"]
[EventType "tourn"]
[EventRounds "7"]
[EventCountry "URU"]
[SourceTitle "EXT 2018"]
[Source "ChessBase"]
[SourceDate "2017.10.13"]
[SourceVersion "1"]
[SourceVersionDate "2017.10.13"]
[SourceQuality "1"]

1. d4 d5 2. Nf3 Nf6 3. g3 g6 4. Bg2 Bg7 5. c4 c6 6. 0-0 0-0 7. b3 Bf5 8. Bb2 Qc8 9. Nbd2 Bh3 10. cxd5 Bxg2 11. Kxg2 cxd5 12. Rc1 Qd8 13. Ne5 Nbd7 14. Qc2 Rc8 15. Qd3 Qa5 16. Bc3 Qb6 17. Rc2 Qe6 18. Nxd7 Qxd7 19. f3 Rc6 20. Rfc1 Rfc8 21. a4 h5 22. Bb4 Rxc2 23. Rxc2 Rxc2 24. Qxc2 b6 25. Qd3 Ne8 26. e3 Nc7 27. Qc3 Ne6 28. f4 Bf6 29. Nf3 Ng7 30. Ba3 Qe6 31. Ne5 Qf5 32. Nc6 Qe4+ 33. Kg1 Nf5 34. Bc1 Qf3 35. Qe1 h4 36. gxh4 Nxh4 37. Qf1 Qe4 38. Qe2 Nf3+ 39. Kf1 Nxd4 40. exd4 Qh1+ 41. Kf2 Bh4+ 42. Ke3 Qxc1+ 43. Kd3 Qxc6 44. Qg4 Bf6 45. h4 Qc1 46. h5 Kg7 47. hxg6 fxg6 48. Qd7 Qd1+ 49. Kc3 Qxd4+ 50. Kc2 Qc3+ 51. Kd1 Qxb3+ 52. Ke2 d4 53. Qxa7 Qe3+ 54. Kf1 d3 55. Qd7 Bh4 0-1

[Event "Montevideo Trebejos Autumn-A"]
[Site "Montevideo"]
[Date "2014.05.08"]
[Round "2"]
[White "Garcia Silveira, Luis"]
[Black "Muzzi, Eduardo"]
[Result "1-0"]
[WhiteElo "2089"]
[BlackElo "2011"]
[PlyCount "112"]
[EventDate "2014.05.07"]
[EventType "tourn"]
[EventRounds "7"]
[EventCountry "URU"]
[SourceTitle "EXT 2018"]
[Source "ChessBase"]
[SourceDate "2017.10.13"]
[SourceVersion "1"]
[SourceVersionDate "2017.10.13"]
[SourceQuality "1"]

1. e4 c5 2. Nf3 d6 3. d4 cxd4 4. Nxd4 Nf6 5. Nc3 g6 6. Be3 Bg7 7. f3 Nc6 8. Qd2 0-0 9. Bc4 Bd7 10. 0-0-0 Rb8 11. h4 Na5 12. Bb3 b5 13. Bh6 Bxh6 14. Qxh6 e5 15. Nde2 b4 16. Nd5 Nxb3+ 17. axb3 Nxd5 18. Rxd5 Be6 19. Rd3 Qc7 20. Rhd1 Rfc8 21. R1d2 Rb6 22. Qe3 Rc6 23. Kb1 Ra6 24. c4 Qa5 25. Rxd6 Qa1+ 26. Kc2 Ra2 27. Nc1 Rxb2+ 28. Kd1 Rxd2+ 29. Rxd2 Qa5 30. h5 Rd8 31. h6 f6 32. Rxd8+ Qxd8+ 33. Kc2 Qc7 34. Nd3 a5 35. Qc5 Qxc5 36. Nxc5 Bc8 37. Na4 Kf8 38. Nb6 Ba6 39. c5 Bb5 40. g3 Ke7 41. Nd5+ Kf7 42. Kd2 Bc6 43. Nb6 Bb5 44. Nc8 Bd7 45. Nd6+ Ke7 46. Nc4 a4 47. bxa4 Bxa4 48. f4 Bc6 49. Nd6 Ke6 50. Kd3 f5 51. exf5+ gxf5 52. fxe5 Kxe5 53. Nc4+ Kd5 54. Ne3+ Kxc5 55. Nxf5 Be4+ 56. Kxe4 b3 1-0

[Event "Montevideo Trebejos 02"]
[Site "Montevideo"]
[Date "2014.02.13"]
[Round "5"]
[White "Milans, Carlos"]
[Black "Garcia Silveira, Luis"]
[Result "0-1"]
[WhiteElo "1966"]
[BlackElo "2094"]
[PlyCount "80"]
[EventDate "2014.02.05"]
[EventType "tourn"]
[EventRounds "7"]
[EventCountry "URU"]
[SourceTitle "CBM 159 Extra"]
[Source "ChessBase"]
[SourceDate "2014.04.24"]
[SourceVersion "1"]
[SourceVersionDate "2014.04.24"]
[SourceQuality "1"]

1. Nf3 c5 2. c4 b6 3. g3 Bb7 4. Bg2 Nf6 5. 0-0 e6 6. b3 Be7 7. Bb2 d6 8. e3 Nbd7 9. d4 0-0 10. Nbd2 a6 11. Re1 Ra7 12. Nh4 Bxg2 13. Nxg2 b5 14. Qf3 d5 15. cxd5 Nxd5 16. a3 cxd4 17. Bxd4 Rc7 18. Nf4 Nxf4 19. Qxf4 e5 20. Bxe5 Nxe5 21. Qxe5 Bf6 22. Qf4 Bxa1 23. Rxa1 Rc2 24. Ne4 Qd3 25. Qf5 Rd8 26. Qg5 h6 27. Qg4 Kh8 28. Qh4 Re8 29. Ng5 Kg8 30. Nh3 Qxb3 31. Rd1 Rc4 32. Qh5 g6 33. Qd5 Qxa3 34. Nf4 Kg7 35. Nd3 Qe7 36. Nb2 Rc2 37. Qb3 Rec8 38. Nd3 Qf6 39. Rf1 R8c3 40. Qd5 Rd2 0-1

[Event "Montevideo Cuadrangular"]
[Site "Montevideo"]
[Date "2013.11.30"]
[Round "1.24"]
[White "Avedisian, Alexander"]
[Black "Garcia Silveira, Luis"]
[Result "0-1"]
[WhiteElo "1848"]
[BlackElo "2083"]
[PlyCount "66"]
[EventDate "2013.11.30"]
[EventType "team-tourn"]
[EventRounds "3"]
[EventCountry "URU"]
[SourceTitle "EXT 2015"]
[Source "ChessBase"]
[SourceDate "2014.11.20"]
[SourceVersion "1"]
[SourceVersionDate "2014.11.20"]
[SourceQuality "1"]
[WhiteTeam "Los Trebejos"]
[BlackTeam "Peao na Setima"]
[WhiteTeamCountry "URU"]
[BlackTeamCountry "BRA"]

1. e4 e6 2. d3 d5 3. Nd2 Nf6 4. Ngf3 dxe4 5. dxe4 Bc5 6. Bd3 Nc6 7. a3 a5 8. 0-0 e5 9. Bb5 Qe7 10. Bxc6+ bxc6 11. h3 0-0 12. Re1 Rd8 13. Qe2 Ba6 14. c4 Nh5 15. Nf1 Nf4 16. Bxf4 exf4 17. Qc2 Bb6 18. e5 Qc5 19. Rac1 Bc8 20. Re2 h6 21. h4 Bg4 22. N1h2 Bh5 23. Qf5 Bg6 24. Qxf4 Rd3 25. Rd2 Rad8 26. Rcc2 a4 27. h5 Rxd2 28. Rxd2 Rxd2 29. Nxd2 Bxh5 30. Ne4 Qd4 31. Nf1 Bg6 32. Nfd2 Qxb2 33. Qg3 Bxe4 0-1

[Event "URU-ch sf"]
[Site "Montevideo"]
[Date "2013.02.11"]
[Round "7"]
[White "Milan, Mathias"]
[Black "Garcia Silveira, Luis"]
[Result "0-1"]
[WhiteElo "1951"]
[BlackElo "2061"]
[PlyCount "68"]
[EventDate "2013.02.08"]
[EventType "swiss"]
[EventRounds "9"]
[EventCountry "URU"]
[SourceTitle "EXT 2014"]
[Source "ChessBase"]
[SourceDate "2013.11.20"]
[SourceVersion "1"]
[SourceVersionDate "2013.11.20"]
[SourceQuality "1"]

1. e4 c5 2. Nc3 Nc6 3. g3 g6 4. Bg2 Bg7 5. d3 d6 6. Be3 Nf6 7. f4 Ng4 8. Bc1 Bd4 9. Nh3 Qa5 10. Bd2 Ne3 11. Bxe3 Bxe3 12. Qe2 Nd4 13. Qd1 h5 14. Ng5 Bg4 15. Nf3 Nxf3+ 16. Bxf3 Bd4 17. Kd2 Bd7 18. Qe1 c4 19. dxc4 Rc8 20. Be2 Bxc3+ 21. bxc3 b5 22. Qf2 bxc4 23. Qd4 0-0 24. Rab1 Bc6 25. Bxc4 e5 26. Qd3 d5 27. exd5 Rfd8 28. dxc6 Rxd3+ 29. cxd3 Rxc6 30. Rb5 Qd8 31. Rd5 Qb6 32. fxe5 Qf2+ 33. Kc1 Qe3+ 34. Kc2 Rxc4 0-1

[Event "URU-ch sf"]
[Site "Montevideo"]
[Date "2013.02.10"]
[Round "4"]
[White "Garcia Silveira, Luis"]
[Black "Coppola, Claudio"]
[Result "0-1"]
[WhiteElo "2061"]
[BlackElo "2168"]
[PlyCount "74"]
[EventDate "2013.02.08"]
[EventType "swiss"]
[EventRounds "9"]
[EventCountry "URU"]
[SourceTitle "EXT 2014"]
[Source "ChessBase"]
[SourceDate "2013.11.20"]
[SourceVersion "1"]
[SourceVersionDate "2013.11.20"]
[SourceQuality "1"]

1. d4 Nf6 2. c4 c5 3. d5 b5 4. Nd2 bxc4 5. e4 e6 6. Bxc4 exd5 7. exd5 d6 8. Ne2 Be7 9. 0-0 0-0 10. b3 Nbd7 11. Bb2 Nb6 12. Nc3 Rb8 13. Re1 Ng4 14. h3 Ne5 15. Bf1 f5 16. f4 Ng6 17. Qf3 Bf6 18. g3 Ne7 19. Rad1 Bb7 20. Bc4 Rf7 21. Nf1 Nxc4 22. bxc4 Ba6 23. Ba1 Bxc4 24. Ne3 Ba6 25. g4 Bh4 26. g5 Bxe1 27. Rxe1 Ng6 28. Ng2 Re7 29. Rd1 Qe8 30. h4 Be2 31. Nxe2 Rxe2 32. h5 Rxg2+ 33. Qxg2 Nxf4 34. Qf3 Qxh5 35. Qxh5 Nxh5 36. Bc3 Ng3 37. Ba5 Ne4 0-1

[Event "URU-ch sf"]
[Site "Montevideo"]
[Date "2013.02.09"]
[Round "3"]
[White "Izquierdo, Daniel"]
[Black "Garcia Silveira, Luis"]
[Result "0-1"]
[WhiteElo "2253"]
[BlackElo "2061"]
[PlyCount "134"]
[EventDate "2013.02.08"]
[EventType "swiss"]
[EventRounds "9"]
[EventCountry "URU"]
[SourceTitle "EXT 2014"]
[Source "ChessBase"]
[SourceDate "2013.11.20"]
[SourceVersion "1"]
[SourceVersionDate "2013.11.20"]
[SourceQuality "1"]

1. Nf3 c5 2. c4 b6 3. g3 Bb7 4. Bg2 Nf6 5. 0-0 e6 6. d4 cxd4 7. Qxd4 Be7 8. Nc3 0-0 9. b3 Na6 10. Rd1 d6 11. Ba3 Nc5 12. Rac1 Nfe4 13. Nxe4 Nxe4 14. Nd2 Nc5 15. Bxb7 Nxb7 16. Ne4 Qb8 17. Bb2 f6 18. Rc2 Qc7 19. Nc3 Qc6 20. Qe3 Kf7 21. Nb5 h6 22. Rcd2 Rfd8 23. Nd4 Qd7 24. Qf3 Rac8 25. Qh5+ Kg8 26. Qg6 Bf8 27. Ba3 a6 28. Rd3 Qf7 29. Qe4 d5 30. cxd5 exd5 31. Qg4 Bxa3 32. Nf5 Kh7 33. Ne3 Bf8 34. Rxd5 Rxd5 35. Rxd5 Rc7 36. h4 Bc5 37. Qe4+ Kg8 38. Nf5 a5 39. h5 Rd7 40. Nxh6+ gxh6 41. Qg4+ Qg7 42. Qxd7 Qxg3+ 43. Kh1 Qh4+ 44. Kg2 Qxf2+ 45. Kh3 Qf1+ 46. Kg3 Bf2+ 47. Kg4 Qxe2+ 48. Kf5 Qxh5+ 49. Ke6 Nc5+ 50. Rxc5 Bxc5 51. Qd8+ Bf8 52. Qxf6 Qe2+ 53. Kd5 Qb5+ 54. Ke4 Bg7 55. Qe6+ Kh7 56. Qf7 Qe5+ 57. Kd3 Qd6+ 58. Ke2 Qg6 59. Qd5 h5 60. a4 h4 61. Qf3 Qc2+ 62. Kf1 Qg6 63. Ke2 Bd4 64. Qb7+ Kh6 65. Qe7 Qc2+ 66. Kf3 Qxb3+ 67. Ke2 Qe3+ 0-1

[Event "URU-ch sf"]
[Site "Montevideo"]
[Date "2012.02.20"]
[Round "7"]
[White "Garcia Silveira, Luis"]
[Black "Izquierdo, Daniel"]
[Result "0-1"]
[WhiteElo "2064"]
[BlackElo "2263"]
[PlyCount "124"]
[EventDate "2012.02.17"]
[EventType "swiss"]
[EventRounds "9"]
[EventCountry "URU"]
[SourceTitle "EXT 2014"]
[Source "ChessBase"]
[SourceDate "2013.11.20"]
[SourceVersion "1"]
[SourceVersionDate "2013.11.20"]
[SourceQuality "1"]

1. d4 Nf6 2. c4 g6 3. Nc3 Bg7 4. e4 d6 5. Nf3 0-0 6. Be2 e5 7. 0-0 Nc6 8. d5 Ne7 9. b4 Nh5 10. c5 Nf4 11. Bxf4 exf4 12. Rc1 h6 13. Re1 g5 14. Qc2 Ng6 15. cxd6 cxd6 16. Nb5 g4 17. Nd2 a6 18. Nc7 Rb8 19. b5 g3 20. Nf3 Ne5 21. hxg3 fxg3 22. fxg3 Nxf3+ 23. Bxf3 Bd4+ 24. Kf1 Qg5 25. Qd3 Be5 26. b6 Qxg3 27. Rc4 Bg4 28. Re3 Bd7 29. a4 Kh8 30. Qe2 Rg8 31. Qf2 Qh2 32. Qg1 Qf4 33. Re2 Rg3 34. Qe3 Qh4 35. Rf2 Kh7 36. Ke2 Bg4 37. Rc2 Bd7 38. Rc4 Kg8 39. Rf1 Qg5 40. Qf2 Bg4 41. Kd3 Bxf3 42. gxf3 Rg2 43. Qe1 Bf4 44. Rc2 Rg3 45. Qf2 h5 46. Kc4 Be3 47. Qe1 Bxb6 48. Kb3 h4 49. a5 Bd4 50. Ka2 Qf4 51. Qd1 Be5 52. Rg1 h3 53. Rh2 Qg5 54. Rhh1 Rg2+ 55. Rxg2 hxg2 56. Rg1 Bh2 57. f4 Qg3 58. Qd4 Bxg1 59. Qxg1 Qh3 60. Qa7 Rc8 61. Qxb7 Rxc7 62. Qxc7 g1Q 0-1

[Event "URU-ch sf"]
[Site "Montevideo"]
[Date "2012.02.19"]
[Round "4"]
[White "Muniz, Rafael"]
[Black "Garcia Silveira, Luis"]
[Result "0-1"]
[WhiteElo "2228"]
[BlackElo "2064"]
[PlyCount "78"]
[EventDate "2012.02.17"]
[EventType "swiss"]
[EventRounds "9"]
[EventCountry "URU"]
[SourceTitle "EXT 2014"]
[Source "ChessBase"]
[SourceDate "2013.11.20"]
[SourceVersion "1"]
[SourceVersionDate "2013.11.20"]
[SourceQuality "1"]

1. e4 c5 2. Nf3 e6 3. d4 cxd4 4. Nxd4 a6 5. c4 Nc6 6. Nc3 Nf6 7. a3 Qc7 8. Nxc6 bxc6 9. Bd3 Bb7 10. 0-0 d5 11. Bg5 d4 12. Ne2 c5 13. Ng3 Bd6 14. Qe2 h6 15. Bd2 Bf4 16. b4 h5 17. Rfe1 h4 18. Nf1 g5 19. bxc5 Nd7 20. Rab1 Bc6 21. Bc1 Nxc5 22. Bb2 Rd8 23. Red1 Ba4 24. Bc2 Bxc2 25. Qxc2 Be5 26. Qe2 Qc6 27. Nd2 d3 28. Qg4 Bxb2 29. Rxb2 Rg8 30. Rdb1 Qc7 31. f4 Qxf4 32. Qxf4 gxf4 33. Kf2 e5 34. Rb6 Ke7 35. Kf3 Rc8 36. Nb3 Ne6 37. Rd1 Ng5+ 38. Kg4 Nxe4+ 39. Kf5 Nd6+ 0-1